A carne na alimentacão e na economia agrária (Record no. 45521)

MARC details
000 -Etiqueta do registo
Valores 00693cam a2200217 04500
100 ## - Dados gerais de processamento
Dados gerais 19940113d1947 m y0pory5003 ba
101 0# - Língua de publicação
Língua por
102 ## - País de publicação
País PT
200 1# - Titulo e menção de responsabilidade
Título próprio A carne na alimentacão e na economia agrária
Primeira menção de responsabilidade Joaquim da Silva Portugal
210 #9 - Publicação
Local de publicação Lisboa
Nome do editor Edições Cosmos,
Data de publicação imp. 1947
215 ## - Descrição física 
Paginação / Volumes 139, [5] p.
Dimensões 20 cm
225 2# - Colecção 
Título próprio da colecção Biblioteca Cosmos
Número de parte ou secção 7.ª secção
Nome de parte ou secção Problemas do nosso tempo. Produção e Industria animal na Civilização Humana
Indicação de volume 117.
-- 16
675 ## - CDU
Notação 636
675 ## - CDU
Notação 613.2
Edição BN
Língua por
675 ## - CDU
Notação 637.5
Edição BN
Língua por
675 ## - CDU
Notação 338.43
Edição BN
Língua por
700 #1 - Autor principal
Apelido Portugal,
Nome Joaquim da Silva,
Datas 1909-
801 #0 - Fonte de origem
País PT
Agência BN
Regras de catalogação RPC
990 ## - Elementos KOHA
Tipo de documento Livro
Holdings
Aquisição Empréstimo Código de barras Cota Permissão de empréstimo Tipo de documento Nota relativa ao exemplar
Biblioteca Municipal de Redondo Biblioteca Municipal de Redondo 056225 636 POR Consulta presencial Livro oferta de Vergílio Ambrósio

Powered by Koha